000 00568nam a2200241Ia 4500
003 OSt
005 20220912152000.0
006 a|||||r|||| 00| 0
007 ta
008 220909b |||||||| |||| 00| 0 eng d
024 _a62832
037 _cTextual
040 _aCSL
_beng
_cCSL
041 _aeng
082 _aB36M22, K8
100 _aKatznelson Y
245 0 _aIntroduction to harmonic analysis
260 _c1968
300 _ap.
_ccm.
650 _aAnalysis
942 _hB36M22, K8
_cTEXL
_2CC
999 _c78562
_d78562